000 00655nam a2200229Ia 4500
003 OSt
005 20220918200637.0
006 a|||||r|||| 00| 0
007 ta
008 220917b |||||||| |||| 00| 0 eng d
024 _a89,723
037 _cTextual
040 _aARTS
_cARTS
_beng
041 _2eng
_aeng
082 _aU8:33xM40, F4;G6 (=)
100 _aBoswell James
_917488
245 0 _aJournal of a tour to the hybrides with Samuel Johnson ed by Frederick A Pottle and Charles H Bennett
260 _c1936
650 _aGEOGRAPHY
942 _hU8:33xM40, F4;G6 (=)
_cTEXL
_2CC
999 _c213392
_d213392